000 00683nam a2200193Ii 4500
003 JO-AjNU
008 230605s9999||||xx |||||||||||||| ||und||
040 _aJO-AjNU
_bara
_erda
_cJO-AjNU
041 _aara
050 1 4 _aHG4515.3.Z3398.1989
100 3 _aزغلول،يحيى سعد,
_eauthor
_97532
245 0 0 _aرياضيات الاستثمار والتمويل
264 3 1 _aد.م: الدار الجامعية، 1989
300 _a361ص
_bيحتوي على جداول الفائدة المركبة
336 _atext
_btxt
_2rdacontent
337 _aunmediated
_bn
_2rdamedia
338 _avolume
_bnc
_2rdacarrier
650 4 _aاستثمار -رياضيات مالية 
_97533
999 _aA327
_c3895
_d3895